Klíčové otázky zaměstnanosti v Evropské unii

Analýza vývoja trhu prácev EÚ. Kľúčové otázky zamestnanosti - zamestnanosť mladých, dlhodobá nezamestnanosť. Ako zvýšiť zamestnanosť v EÚ. Zelená ekonomika predstavuje veľký potenciál v možnosti rastu pracovných miest.

Gespeichert in:
Bibliographische Detailangaben
1. Verfasser: Klimko, Roman, 1985-
Format: Buchkapitel
Sprache:Englisch
Schlagworte:
Tags: Tag hinzufügen
Keine Tags, Fügen Sie das erste Tag hinzu!

MARC

LEADER 00000nla a2200000 4500
001 0209208
005 20240502083522.9
041 0 |a eng 
044 |a CZ 
245 1 0 |a Klíčové otázky zaměstnanosti v Evropské unii  |c Roman Klimko 
520 |a Analýza vývoja trhu prácev EÚ. Kľúčové otázky zamestnanosti - zamestnanosť mladých, dlhodobá nezamestnanosť. Ako zvýšiť zamestnanosť v EÚ. Zelená ekonomika predstavuje veľký potenciál v možnosti rastu pracovných miest. 
610 2 0 |a trh práce 
610 2 0 |a zamestnanosť 
610 2 0 |a nezamestnanosť 
610 2 0 |a nezamestnanosť dlhodobá 
610 2 0 |a Európska únia 
610 2 0 |a ekonomika ekologická 
100 1 |a Klimko, Roman, 1985-